000 00492nam a22001937a 4500
003 MPLRDC
005 20220104195028.0
008 210129b ||||| |||| 00| 0 eng d
020 _a978-7-5462-1341-5
082 _a857.9 JY-20 v.1
100 _a金庸
245 _a鹿鼎记. 一
_c
250 _a2015年1月第2次
260 _a中国
_b广州出版社
_c2015
300 _b
490 _a金庸作品集 (新修版)
650 _a武侠小说
942 _cBK
_o857.9 JY-20 v.1
999 _c65977
_d65967